000 00361nam a22001577a 4500
003 OSt
008 240127b |||||||| |||| 00| 0 eng d
020 _a9789353420901
082 _a823.9
_bJAT
100 _aJAMES,Montague Rhodes
245 _aA Thin Ghost and Others
250 _a3rd Imp
260 _bLector House
_c1920
300 _a52
942 _2ddc
_cBK
999 _c12204
_d12204